00669nam a2200157 a 450000100100000000500170001000800410002704000250006804100130009324500740010624600340018026000760021430000350029095201690032599900170049400004009520201002033920.0130806s1966 xxu 000 0 spa d aDO-SdBNPbspacBNPHU17aspa2eng00aHow to produce a better newspaper =bComo hacer un mejor periodico /.13aComo hacer un mejor periodico aNew York :bIAPA Technical Center :bCentro Técnico de la Sip,c1966. a51 p. :bil., retrs. ;c20 cm. 001050718MOaGRbGRcCTd2013-08-06iLF1l0o p40095-10r2020-06-25w2020-06-25y1zPerteneció a la biblioteca personal de Germán Emilio OrnesZNo se presta c39585d39585